| 000 -LEADER | |
|---|---|
| fixed length control field | 00481nam a22001817a 4500 |
| 005 - DATE AND TIME OF LATEST TRANSACTION | |
| control field | 20250411131407.0 |
| 008 - FIXED-LENGTH DATA ELEMENTS--GENERAL INFORMATION | |
| fixed length control field | 210301b ||||| |||| 00| 0 eng d |
| 020 ## - INTERNATIONAL STANDARD BOOK NUMBER | |
| ISBN | 978935270532 |
| 041 ## - LANGUAGE CODE | |
| Language code of text/sound track or separate title | eng |
| 082 ## - DEWEY DECIMAL CLASSIFICATION NUMBER | |
| Classification number | 612 VAR-T |
| 100 ## - MAIN ENTRY--AUTHOR NAME | |
| Personal name | VARSHNEY, VP AND BEDI MONA |
| 245 ## - TITLE STATEMENT | |
| Title | GHAI'S TEXTBOOK OF PRACTICAL PHYSIOLOGY |
| 250 ## - EDITION STATEMENT | |
| Edition statement | 9'TH |
| 260 ## - PUBLICATION, DISTRIBUTION, ETC. (IMPRINT) | |
| Place of publication | MODINAGAR |
| Name of publisher | JAPEE BROTHERS MEDICAL PUBLICATION |
| Year of publication | 2019 |
| 300 ## - PHYSICAL DESCRIPTION | |
| Number of Pages | 360,P |
| 650 ## - SUBJECT ADDED ENTRY--TOPICAL TERM | |
| Topical Term | Physiotherapy |
| 942 ## - ADDED ENTRY ELEMENTS (KOHA) | |
| Koha item type | Books |
| Lost status | Damaged status | Collection code | Home library | Current library | Shelving location | Date acquired | Source of acquisition | Cost, normal purchase price | Full call number | Accession Number | Koha item type | Serial Enumeration / chronology |
|---|---|---|---|---|---|---|---|---|---|---|---|---|
| Reference | JRU Library | JRU Library | SHELF-28-B | 01/03/2021 | UNNATI PUBLICATION ,PURCHASE 1908/17/02/2021 | 695.00 | 612 VAR-T | 25681 | Books | |||
| PHYSIOTHERAPY | JRU Library | JRU Library | SHELF-28-B | 01/03/2021 | UNNATI PUBLICATION ,PURCHASE 1908/17/02/2021 | 695.00 | 612 VAR-T | 25682 | Books | |||
| PHYSIOTHERAPY | JRU Library | JRU Library | SHELF-28-B | 20/01/2022 | PURCHASE | 795.00 | 612 | 25905 | Books | |||
| PHYSIOTHERAPY | JRU Library | JRU Library | SHELF-28-B | 20/01/2022 | PURCHASE | 795.00 | 612 | 25906 | Books | |||
| PHYSIOTHERAPY | JRU Library | JRU Library | SHELF-28-B | 20/01/2022 | PURCHASE | 795.00 | 612 | 25907 | Books | |||
| PHYSIOTHERAPY | JRU Library | JRU Library | SHELF-28-B | 19/02/2022 | PURCHASE | 795.00 | 612 VAR-T | 26561 | Books | |||
| PHYSIOTHERAPY | JRU Library | JRU Library | SHELF-28-B | 19/02/2022 | PURCHASE | 795.00 | 612 VAR-T | 26562 | Books | |||
| PHYSIOTHERAPY | JRU Library | JRU Library | SHELF-105-C | 09/04/2025 | PURCHASE | 850.00 | 612 | 28637 | Books | 10TH.ED. | ||
| PHYSIOTHERAPY | JRU Library | JRU Library | SHELF-105-C | 09/04/2025 | PURCHASE | 850.00 | 612 | 28638 | Books | 10TH.ED. | ||
| PHYSIOTHERAPY | JRU Library | JRU Library | SHELF-105-C | 09/04/2025 | PURCHASE | 850.00 | 612 | 28639 | Books | 10TH.ED. |